00746nam a2200181 a 4500003000200000005001700002008004100019050002600060100001800086245014400104260009000248300004000338504004100378650004300419650002800462650003800490650003600528020250224102830.0101112s19uu xx 00 eng d aPHS BF 576b.K49 2010 aKim, Woo Bin. aComparison of the emotional intelligence of Filipino and Korean adolescents at Southville International School and Colleges /cWoo Bin Kim. aLas Piñas City, Philippines :bSouthville International School and Colleges,c2010. a33 pages :billustrations ;c30 cm. aIncludes bibliographical references. aEmotional intelligence in adolescence. aCross-cultural studies. aFilipino adolescentsxPsychology. aKorean adolescentsxPsychology.